| 000 | 00327nam a22001337a 4500 | ||
|---|---|---|---|
| 999 |
_c15001 _d15001 |
||
| 020 | _a987-81-8321-141-3 | ||
| 082 |
_a631.44 _bSOM/DI |
||
| 100 |
_aSomani, L.L _91568 |
||
| 245 | _aDiagnosis and improvement of acid soils | ||
| 250 | _a1 | ||
| 260 |
_aUdaipur _bAgrotech Publishing Academy _c2009 |
||
| 300 | _a328 | ||
| 942 | _cBK | ||